Harry Potter Ship Names - Statistics

General Stats
  • This quiz has been taken 1,515 times
  • The average score is 12 of 24
Answer Stats
Couples Ship Name % Correct
Harry Potter + Ginny Weasley Hinny
91%
Draco Malfoy + Hermione Granger Dramione
90%
Draco Malfoy + Harry Potter Drarry
83%
Ron Weasley + Hermione Granger Romione
80%
Draco Malfoy + Apple Drapple
78%
Fred Weasley + Hermione Granger Fremione
67%
Sirius Black + Remus Lupin Wolfstar
63%
Cho Chang + Harry Potter Charry
61%
James Potter + Lily Potter Jily
59%
Draco Malfoy + Ginny Weasley Drinny
52%
Luna Lovegood + Ginny Weasley Linny
49%
Draco Malfoy + Pansy Parkinson Dransy
48%
Draco Malfoy + Ron Weasley Dron
47%
Harry Potter + Luna Lovegood Huna
43%
Severus Snape + Lily Potter Snily
42%
Bellatrix Lestrange + Voldemort Bellamort
40%
Neville Longbottom + Luna Lovegood Nuna
39%
Harry Potter + Ron Weasley Hon
34%
Harry Potter + Hermione Granger Harmony
31%
Gellert Grindelwald + Albus Dumbledore Grindeldore
23%
Remus Lupin + Nymphadora Tonks Ronks
22%
Marcus Flint + Oliver Wood Flintwood
20%
Viktor Krum + Hermione Granger Krumione
18%
Lavender Brown + Ron Weasley Lavon
12%
No matching quizzes found
Score Distribution
Percent of People with Each Score
Percentile by Number Answered
Your Score History
You have not taken this quiz